000 02286nam a2200481 a 4500
005 20240704131421.0
008 100311t2006||||sp f |||| 001 0 spa d
020 _a9500604485
041 _aspa
092 _c616.89
_l84
_sTRA
245 _aTrastornos bipolares.
_bConceptos clínicos, neurobiológicos y terapéuticos /
_cHagop S. Akiskal.
250 _a1a ed.
260 _aBuenos Aires:
_bEditorial Médica Panamericana;
_c2006.
300 _a356 p.
_c25x18 cm.
500 _aAkiskal, H. S. et al. (2006). Trastornos bipolares. Conceptos clínicos, neurobiológicos y terapéuticos. Buenos Aires : Editorial Médica panamericana.
590 _aDonación Noviembre 2018
653 3 _aLa nueva era bipolar
653 _aTrastorno bipolar: desarrollo histórico y conceptual
653 _aPsicoeducación en los trastornos bipolares: un tratamiento consolidado y eficaz
653 _aCostos e impacto sanitario de los trastornos bipolares
653 _aEuforias y estados mixtos
653 _aDepresión bipolar
653 _aComportamientos suicidas y trastornos bipolares. Manejo terapéutico y preventivo
653 4 _aLos temperamentos afectivos en el trastorno bipolar
653 _aPsicopatología de las psicosis cicloides
653 _aAspectos neurobiologicos de las psicosis cicloides
653 _aTrastorno bipolar infanto juvenil
653 _aMecanismos de acción sinápticos, citoplasmáticos y neutróficos de los estabilizadores del ánimo
653 _aGenética del trastorno bipolar
653 _aNeurobiología celular y molecular del trastorno bipolar
653 4 _aLas sales de litio en el tratamiento del trastorno bipolar
653 _aBases farmacológicas del tratamiento del trastorno bipolar
653 _aInteracciones de los estabilizadores del ánimo
653 _aAbordaje psicoterapéutico del trastorno bipolar: una nueva era de tratamientos específicos basados en la evidencia
653 _aGrupos de usuarios en la Argentina
700 1 _aAkiskal, Hagop S.
_93981
700 1 _aCetkovich-Bakmas, Marcelo G.
_93982
700 1 _aGarcia-Bonetti, Gerardo
_93983
700 1 _aStrejilevich, Sergio A.
_93984
700 1 _aVázquez, Gustavo H.
_93985
700 1 _aGarbini, Marcelo
_93986
942 _2ddc
_cBK
999 _c2827
_d2827